Fr. Conceicao Rodrigues College of Engineering

Managing for results (Record no. 23696)

MARC details
000 -LEADER
fixed length control field 00315nam a2200133Ia 4500
082 ## - DEWEY DECIMAL CLASSIFICATION NUMBER
Classification number 658.4
100 ## - MAIN ENTRY--PERSONAL NAME
Personal name Drucker/ Peter F./ Karamchandani/ C.J.
245 ## - TITLE STATEMENT
Title Managing for results
260 ## - PUBLICATION, DISTRIBUTION, ETC.
Name of publisher, distributor, etc. Allied pub.
Place of publication, distribution, etc. New Delhi
Date of publication, distribution, etc. 1980
300 ## - PHYSICAL DESCRIPTION
Extent 240
546 ## - LANGUAGE NOTE
Language note ENGLISH
654 ## - SUBJECT ADDED ENTRY--FACETED TOPICAL TERMS
Focus term Managing for results
942 ## - ADDED ENTRY ELEMENTS (KOHA)
Koha item type BOOK
Holdings
Withdrawn status Lost status Damaged status Not for loan Collection Home library Current library Date acquired Source of acquisition Cost, normal purchase price Inventory number Total Checkouts Full call number Barcode Date last seen Cost, replacement price Price effective from Koha item type
        AFT Fr. Agnel's C.Rodrigues College of Engineering Fr. Agnel's C.Rodrigues College of Engineering 17/03/2023 UBS 15.00 T-354   658.4 AFT3043 17/03/2023 15.00 17/03/2023 BOOK